| 000 | 01394cam a2200301 a 4500 | ||
|---|---|---|---|
| 001 | 15382438 | ||
| 005 | 20110416155831.0 | ||
| 008 | 080725s2009 njua b 001 0 eng | ||
| 020 | _a9780470181782 (cloth) | ||
| 020 | _a0470181788 (cloth) | ||
| 035 | _a(OCoLC)ocn237018908 | ||
| 040 |
_aDLC _cDLC _dBAKER _dYDXCP _dC#P _dCDX _dDLC |
||
| 082 | 0 | 0 |
_a660.28423 _222 _bBEN |
| 100 | 1 |
_aBenitez, Jaime, _d1948- _929410 |
|
| 245 | 1 | 0 |
_aPrinciples and modern applications of mass transfer operations / _cJaime Benitez. |
| 250 | _a2nd ed. | ||
| 260 |
_aHoboken, N.J. : _bWiley, _cc2009. |
||
| 300 |
_axxviii, 620 p. : _bill. ; _c26 cm. |
||
| 504 | _aIncludes bibliographical references and index. | ||
| 650 | 0 |
_aMass transfer. _929411 |
|
| 650 | 0 |
_aChemical engineering. _929412 |
|
| 653 |
_bChe _cMarch2012 |
||
| 942 |
_2ddc _cBB |
||
| 999 |
_c16591 _d16591 |
||